Electronics dictionary : accurate, easy-to-understand, and up-to-date definitions for 17,090 terms used in solid-state electronics, computers, television, radio, medical electronics, industrial electronics, satellite communication, and military electronics /

Saved in:
Bibliographic Details
Main Author: Markus, John, 1911-
Format: Book
Language:English
Published: New York : McGraw-Hill, c1978.
Edition:4th ed.
Subjects:
LEADER 01444cam a2200337 a 4500
001 c000269987
003 CARM
005 20070830144002.0
008 770916s1978 nyua d 000 0 eng
010 |a 77013876 
015 |a GB7833837  |2 bnb 
019 1 |a 1028231  |z 53810150  |5 LACONCORD2021 
020 |a 0070404313 
035 |a (OCoLC)3327915  |5 LACONCORD2021 
040 |a LC  |b eng  |c LC  |d SSL 
050 0 0 |a TK7804  |b .M35 1978 
050 1 4 |a TK7804  |b .M35 1978 
082 0 4 |a 621.381/03 
100 1 |a Markus, John,  |d 1911- 
245 1 0 |a Electronics dictionary :  |b accurate, easy-to-understand, and up-to-date definitions for 17,090 terms used in solid-state electronics, computers, television, radio, medical electronics, industrial electronics, satellite communication, and military electronics /  |c John Markus. 
250 |a 4th ed. 
260 |a New York :  |b McGraw-Hill,  |c c1978. 
300 |a ix, 745 p. :  |b ill. ;  |c 25 cm. 
500 |a Third ed. published under title: Electronics and nucleonics dictionary. 
650 0 |a Electronics  |v Dictionaries. 
650 0 |a Nuclear engineering  |x Dictionaries. 
653 |a Electronic equipment  |a Dictionaries 
740 0 |a Electronics and nucleonics dictionary. 
852 8 |b CARM  |h A1:AN11C0  |i C09698  |p 0392011  |f BK 
999 f f |i c407058f-4d9b-5e32-8c4e-793b1db684d8  |s c4bcca5e-4e56-5de8-b712-01d14a83b756 
952 f f |p Can circulate  |a CAVAL  |b CAVAL  |c CAVAL  |d CARM 1 Store  |e C09698  |f A1:AN11C0  |h Other scheme  |i book  |m 0392011